000 00309nam a22001337a 4500
008 170303b xxu||||| |||| 00| 0 eng d
020 _a072168808X
041 _aeng
080 _a616.073
100 _a6
101 _aSHM
245 _aRADIOLOGIC DIAGNOSIS OF DISEASES OF THE CHEST
_cMULLER
942 _2udc
_cBK
999 _c6669
_d6669